Statistieken voor Regio's van Italië met kaart

Klik hier om de quiz te nemen!

Algemene statistieken

  • Deze quiz is 113 keer genomen
  • De gemiddelde score is 11 van 20

Antwoorden op de kaart

Antwoorden kleurgecodeerd door een groen-rode schaal op de quizkaart volgens % correct hieronder.
 

Antwoordstatistieken

Antwoord% Correct
Sardinie
92%
Sicilie
92%
Toscane
73%
Lombardije
65%
Lazio
63%
Calabrie
61%
Piedmont
57%
Apulie
55%
Friuli-Venezia Giulia
55%
Umbrie
53%
Veneto
53%
Ligurie
51%
Trentino Alto Adige
49%
Campanie
47%
Emilia-Romagna
47%
Abruzzo
45%
Basilicata
43%
Marche
39%
Molise
39%
Vallei van Aosta
39%

Scoreverdeling

Percentiel versus Aantal Correcte Antwoorden

Procent van Mensen met Elke Score

Uw Scoregeschiedenis

U heeft deze quiz nog niet genomen